000 00432cam a2200181 i 4500
999 _c6553
_d6553
003 OSt
005 20260224110115.0
008 220607s2020 caua 000 0 eng
020 _a978-8461641369
042 _apcc
082 _a728
100 1 _aAurora Fernandez Per
245 1 0 _a10 Stories of Collective Housing
260 _bA+T Architecture Publishers
700 _aJavier Mozas
700 _aAlex S. Ollero
942 _2ddc